Alkotmány, gazdaság, reform
Elmentve itt :
| Szerző: | |
|---|---|
| Dokumentumtípus: | Cikk |
| Sorozat: | Kolligátum
|
| Kulcsszavak: | Gazdasági jog története |
| Online Access: | http://misc.bibl.u-szeged.hu/23162 |
| LEADER | 00511nab a2200157 i 4500 | ||
|---|---|---|---|
| 001 | misc23162 | ||
| 005 | 20191111110814.0 | ||
| 008 | 170803suuuu hu o 0|| zxx d | ||
| 040 | |a SZTE Miscellanea Repozitórium |b hun | ||
| 041 | |a zxx | ||
| 100 | 1 | |a Ficzere Lajos | |
| 245 | 1 | 0 | |a Alkotmány, gazdaság, reform |h [elektronikus dokumentum] / |c Ficzere Lajos |
| 300 | |a 175-180 | ||
| 490 | 0 | |a Kolligátum | |
| 695 | |a Gazdasági jog története | ||
| 856 | 4 | 0 | |u http://misc.bibl.u-szeged.hu/23162/1/73675_175-180.pdf |z Dokumentum-elérés |